000 00592nam a2200229Ia 4500
003 OSt
005 20220924141858.0
006 a|||||r|||| 00| 0
007 ta
008 220923b |||||||| |||| 00| 0 ben d
024 _a299616
037 _cTextual
040 _aARTS
_cARTS
_bben
041 _2ben
_aben
082 _aT:8:(A), 157M2
100 _aDatta Bhupal
_9212644
245 0 _aVichitra vidya granthmala vijnan bhittik parichalana
260 _c1982
650 _aEDUCATION
942 _hT:8:(A), 157M2
_cTEXL
_2CC
999 _c448548
_d448548